00820nam a2200253 a 450000100060000000300080000600500170001400800410003102000220007203500190009404000350011304100080014808200220015624500780017825000130025626000510026930000170032050400500033750500950038765000170048265000220049970000210052170000240054257080BD-RjUL20211209080451.0161205s1964 nyu||||| |||| 001 0 eng d a0444415831 (v.24) a(BD-RjUL)57204 aBD-RjULbengcBD-RjULdBD-RjUL aeng 223a572bCOM 196400aComprehensive Biochemistry /cEdited by Marcel Florkin, Elmer Henry Stotz arev. ed. aNew York :bElsevier Publishing Company,c1964 aV. :c23 cm. aIncludes Bibliographical References and Index aVol. 13 Report of the commission on enzymes of the international union of biochemistry --  aBiochemistry aMolecular biology aFlorkin, Marcel  aStotz, Elmer Henry